Statistics for #1 Hits of the 90s (Australia)

Click here to take the quiz!

General Stats

  • This quiz has been taken 1,403 times
  • The average score is 58 of 129

Answer Stats

YearSongArtist% Correct
1990VogueMadonna
88%
1991Ice Ice BabyVanilla Ice
87%
1994The Power of LoveCeline Dion
85%
1998My Heart Will Go OnCeline Dion
85%
1996Because You Loved MeCeline Dion
85%
1990U Can't Touch ThisMC Hammer
85%
1996WonderwallOasis
83%
1998I Don't Want To Miss a ThingAerosmith
82%
1990Janie's Got A GunAerosmith
82%
1999...Baby One More TimeBritney Spears
81%
1996WannabeSpice Girls
81%
1997Doctor JonesAqua
80%
1997Barbie GirlAqua
80%
1990Love ShackB-52s
80%
1990Nothing Compares 2 USinead O'Connor
80%
1991Black or WhiteMichael Jackson
79%
1995Kiss From A RoseSeal
78%
1992I Will Always Love YouWhitney Houston
77%
1994All For LoveBryan Adams, Rod Stewart and Sting
75%
1992Achy Breaky HeartBilly Ray Cyrus
74%
1995Gangsta's ParadiseCoolio
74%
1994Boom! Shake the RoomDJ Jazzy Jeff & The Fresh Prince
74%
1997MMMBopHanson
74%
1997Men In BlackWill Smith
73%
1995Have You Ever Really Loved A Woman?Bryan Adams
71%
1993Please Forgive MeBryan Adams
71%
1991(Everything I Do) I Do it For YouBryan Adams
71%
1992Under The BridgeRed Hot Chili Peppers
71%
1999No ScrubsTLC
71%
1993I'd Do Anything For Love (But I Won't Do That)Meat Loaf
70%
1997Don't SpeakNo Doubt
68%
1993That's The Way Love GoesJanet Jackson
67%
1994ZombieThe Cranberries
66%
1994The SignAce of Base
65%
1993All That She WantsAce of Base
65%
1991I'm Too SexyRight Said Fred
65%
1990Blaze of GloryJon Bon Jovi
64%
1997To The Moon and BackSavage Garden
62%
1997Truly Madly DeeplySavage Garden
62%
1996FastloveGeorge Michael
61%
1996Jesus To A ChildGeorge Michael
61%
1998IrisGoo Goo Dolls
61%
1999BelieveCher
57%
1996Killing Me SoftlyFugees
56%
1990It Must Have Been LoveRoxette
56%
1991JoyrideRoxette
56%
1990Opposites AttractPaula Abdul
54%
1996BoombasticShaggy
54%
1994I'll Make Love To YouBoyz II Men
53%
1999Mambo No. 5 ( A Little Bit Of...)Lou Bega
53%
1992End of the RoadBoyz II Men
52%
1998Pretty Fly (For A White Guy)The Offspring
52%
1997TubthumpingChumbawumba
50%
1998You're Still The OneShania Twain
50%
1995Hold Me, Thrill Me, Kiss Me, Kill MeU2
48%
1991The FlyU2
48%
1996MacarenaLos del Rio
47%
1991I Touch MyselfDivinyls
45%
1997Something About the Way You Look TonightElton John
45%
1997I'll Be Missing YouPuff Daddy and Faith Evans
44%
1994Mmm Mmm Mmm MmmCrash Test Dummies
43%
1992JumpKris Kross
43%
1995FantasyMariah Carey
43%
1992Let's Talk About SexSalt-n-Pepa
43%
1990Unchained MelodyRighteous Brothers
41%
1994All I Wanna DoSheryl Crow
41%
1999Blue (Da Ba Dee)Eiffel 65
40%
1993Are You Gonna Go My WayLenny Kravitz
40%
19985, 6, 7, 8Steps
40%
1994Confide In MeKylie Minogue
39%
1994The Most Beautiful Girl in the WorldPrince
39%
1993InformerSnow
39%
1993(I Can't Help) Falling In Love With YouUB40
39%
1999If You Had My LoveJennifer Lopez
38%
1995Back For GoodTake That
38%
1994Love Is All AroundWet Wet Wet
38%
1993The River Of DreamsBilly Joel
37%
1991Grease MegamixOlivia Newton John/John Travolta
36%
1990Groove is in the HeartDeee-Lite
35%
1991Do the BartmanThe Simpsons
35%
1993EasyFaith No More
34%
1990EpicFaith No More
34%
1998Never EverAll Saints
33%
1991The HorsesDaryl Braithwaite
32%
1999Kiss MeSixpence None The Richer
32%
1998The Cup Of LifeRicky Martin
31%
1998It's Like ThatRun-D.M.C vs. Jason Nevins
30%
1997FreakSilverchair
30%
1994TomorrowSilverchair
30%
1992Save The Best For LastVanessa Williams
30%
1996How BizarreOMC
29%
1990All I Wanna Do Is Make Love To YouHeart
28%
1992To Be With YouMr Big
27%
1993Cat's In The CradleUgly Kid Joe
27%
1990Bust A MoveYoung MC
27%
1994I SwearAll 4 One
26%
1999Last KissPearl Jam
26%
1996One Of UsJoan Osbourne
25%
1998CrushJennifer Paige
23%
1992SaltwaterJulian Lennon
21%
1991I've Been Thinking About YouLondonbeat
21%
1993Mr VainCulture Beat
20%
1996Until It SleepsMetallica
20%
1992HazardRichard Marx
20%
1992Humpin AroundBobby Brown
19%
1991Love ... Thy Will Be DoneMartika
18%
1995Another NightMC Sar and the Real McCoy
18%
1990Jukebox in SiberiaSkyhooks
18%
1998All My LifeK-Ci & JoJo
17%
1998RollercoasterB*Witched
16%
1998HighLighthouse Family
16%
1994It's AlrightEast 17
15%
1995MouthMerril Bainbridge
14%
1991Read My LipsMelissa
12%
1991Tingles EPRatcat
12%
1991Don't Go NowRatcat
12%
1992Marvellous!The Twelfth Man feat. MCG Hammer
12%
1995Stayin' AliveN-Trance
11%
1993You Don't Treat Me No GoodSonia Dada
11%
1991RushBig Audio Dynamite
10%
1995InsensitiveJann Arden
8%
1992Amigos Para SiempreJose Carreras and Sarah Brightman
8%
1992Take It From MeGirlfriend
7%
1995Here's Johnny!Hocus Pocus
7%
1994Give It UpCut 'N' Move
6%
1991Sucker DJDimples D.
6%
1992Love You RightEuphoria
6%
1992One In A MillionEuphoria
6%
1991FallingJulee Cruise
6%

Score Distribution

Percentile by Number Answered

Percent of People with Each Score

Your Score History

You have not taken this quiz